000
00301nam a22001337a 4500
008
230525b |||||||| |||| 00| 0 eng d
020
_a
8189530119
100
_a
R. K. Bangia
245
_a
Contract I
260
_a
Faridabad
_b
ALA Pub.
_c
2021
300
_a
632
546
_a
English
942
_2
ddc
_c
BK
999
_c
20085
_d
20085